[Event "SLO-chT 32nd"]
[Site "Ljubljana"]
[Date "2022.10.29"]
[Round "8.1"]
[White "Acimovic, Vasja"]
[Black "Markus, Robert"]
[Result "0-1"]
[WhiteElo "2237"]
[BlackElo "2615"]
[PlyCount "78"]
[EventDate "2022.09.02"]
[EventType "team-tourn"]
[EventRounds "9"]
[EventCountry "SLO"]
[SourceTitle "EXT 2024"]
[Source "ChessBase"]
[SourceDate "2023.10.10"]
[SourceVersion "1"]
[SourceVersionDate "2023.10.10"]
[SourceQuality "1"]
[WhiteTeam "Kocevje"]
[BlackTeam "Ljubljana Tajfun"]
[WhiteTeamCountry "SVK"]
[BlackTeamCountry "SVK"]

1. d4 Nf6 2. c4 d6 3. Nc3 Nbd7 4. e4 e5 5. d5 Be7 6. Nge2 Nc5 7. f3 a5 8. Be3 c6 9. Qd2 a4 10. Nc1 0-0 11. Nd3 Nxd3+ 12. Bxd3 Bd7 13. 0-0 Qa5 14. a3 c5 15. h3 Ne8 16. Qc2 Bf6 17. Rfb1 g6 18. b4 axb3 19. Rxb3 Bc8 20. Rb5 Qd8 21. Rbb1 Bg5 22. Bf2 f5 23. Na4 Ra6 24. Ra2 f4 25. Rab2 Rf7 26. Nb6 Rxa3 27. Ra2 Rxa2 28. Qxa2 Nc7 29. Qa7 Na6 30. Be1 Kg7 31. Bc2 Bd7 32. Na8 Nb4 33. Bxb4 cxb4 34. Rxb4 b5 35. Nb6 Bxh3 36. Qa5 Bh4 37. Rxb5 Bxg2 38. Kxg2 Qg5+ 39. Kh1 Bf2 0-1

[Event "Nova Gorica op-A 26th"]
[Site "Nova Gorica"]
[Date "2022.09.21"]
[Round "8"]
[White "Pavlovic, Milos"]
[Black "Acimovic, Vasja"]
[Result "1/2-1/2"]
[WhiteElo "2468"]
[BlackElo "2237"]
[PlyCount "108"]
[EventDate "2022.09.16"]
[EventType "swiss"]
[EventRounds "9"]
[EventCountry "SLO"]
[SourceTitle "CBM 210 Extra"]
[Source "ChessBase"]
[SourceDate "2022.11.30"]
[SourceVersion "1"]
[SourceVersionDate "2022.11.30"]
[SourceQuality "1"]

1. d4 d5 2. c4 c6 3. Nf3 Nf6 4. e3 e6 5. Bd3 Bd6 6. b3 0-0 7. 0-0 b6 8. Bb2 Bb7 9. Nc3 Nbd7 10. Qe2 c5 11. cxd5 exd5 12. Rfd1 Re8 13. Rac1 Qe7 14. Ba6 Bxa6 15. Qxa6 Rad8 16. dxc5 Nxc5 17. Qe2 Bb8 18. g3 Qb7 19. Nb5 Nce4 20. Bxf6 Nxf6 21. Rc2 Rc8 22. Rdc1 a6 23. Nbd4 Bd6 24. Qd3 g6 25. Ne2 Ba3 26. Rxc8 Rxc8 27. Rxc8+ Qxc8 28. Nf4 Qb7 29. h3 Bd6 30. Qd4 Be7 31. g4 h6 32. Ne5 g5 33. Ne2 Bc5 34. Qd3 Qc8 35. Ng3 Bd6 36. Qd4 Qe6 37. Nd3 Bxg3 38. fxg3 Qc6 39. Nf2 Ne4 40. Nxe4 dxe4 41. Qd2 Qf6 42. Qf2 Qa1+ 43. Kh2 Kg7 44. Qc2 Qe5 45. a4 b5 46. axb5 axb5 47. Kg2 b4 48. h4 Qc3 49. Qxe4 Qxb3 50. Qe5+ Kh7 51. Qe4+ Kg7 52. Qe5+ Kh7 53. Qe4+ Kg7 54. Qe5+ Kh7 1/2-1/2

[Event "Nova Gorica op-A 26th"]
[Site "Nova Gorica"]
[Date "2022.09.17"]
[Round "2"]
[White "Kepplinger, Lukas"]
[Black "Acimovic, Vasja"]
[Result "0-1"]
[WhiteElo "1994"]
[BlackElo "2237"]
[PlyCount "68"]
[EventDate "2022.09.16"]
[EventType "swiss"]
[EventRounds "9"]
[EventCountry "SLO"]
[SourceTitle "CBM 210 Extra"]
[Source "ChessBase"]
[SourceDate "2022.11.30"]
[SourceVersion "1"]
[SourceVersionDate "2022.11.30"]
[SourceQuality "1"]

1. d4 d5 2. c4 e6 3. Nf3 Nf6 4. Nc3 Be7 5. e3 0-0 6. Bd3 b6 7. cxd5 exd5 8. 0-0 Bb7 9. Qc2 Nbd7 10. b3 Re8 11. Bb2 a6 12. Rfe1 Ne4 13. Ne5 Ndf6 14. f3 Nxc3 15. Qxc3 c5 16. Rac1 Rc8 17. Qd2 Bd6 18. Bf5 Rc7 19. a3 Rce7 20. Rc2 b5 21. Nd3 c4 22. Nc5 Bc8 23. Bxc8 Qxc8 24. b4 Bf4 25. Rc3 Qf5 26. Qf2 Bxh2+ 27. Kf1 Qg6 28. g4 Bd6 29. Kg2 h5 30. Rh1 hxg4 31. f4 g3 32. Qf3 Bxc5 33. bxc5 a5 34. Bc1 Qe4 0-1

[Event "SLO-chT 32nd"]
[Site "Ljubljana"]
[Date "2022.09.11"]
[Round "6.2"]
[White "Mikac, Matjaz"]
[Black "Acimovic, Vasja"]
[Result "1/2-1/2"]
[WhiteElo "2393"]
[BlackElo "2237"]
[PlyCount "69"]
[EventDate "2022.09.02"]
[EventType "team-tourn"]
[EventRounds "9"]
[EventCountry "SLO"]
[SourceTitle "EXT 2023"]
[Source "ChessBase"]
[SourceDate "2022.10.05"]
[SourceVersion "1"]
[SourceVersionDate "2022.10.05"]
[SourceQuality "1"]
[WhiteTeam "Celje"]
[BlackTeam "Kocevje"]
[WhiteTeamCountry "SVK"]
[BlackTeamCountry "SVK"]

1. c4 Nf6 2. Nf3 c6 3. d4 d5 4. cxd5 cxd5 5. Nc3 Nc6 6. Bf4 e6 7. e3 Bd6 8. Bxd6 Qxd6 9. Bd3 0-0 10. 0-0 a6 11. Rc1 Bd7 12. Na4 Nb4 13. Nc3 Nc6 14. a3 Rac8 15. b4 Rfe8 16. Re1 e5 17. dxe5 Nxe5 18. Nxe5 Rxe5 19. Be2 Rce8 20. Qd4 h5 21. g3 Bg4 22. Bf1 Qe6 23. Bg2 h4 24. Ne2 hxg3 25. hxg3 Qf5 26. Nc3 Qe6 27. Ne2 g5 28. Nc3 Bh3 29. Qd3 Kg7 30. Bxh3 Qxh3 31. Qf1 Qf5 32. Ne2 Ne4 33. Nd4 Qf6 34. Qe2 Rh8 35. Kg2 1/2-1/2

[Event "Otocec Krka Terme op"]
[Site "Otocec"]
[Date "2021.07.09"]
[Round "8"]
[White "Ruzic, Pia Marie"]
[Black "Acimovic, Vasja"]
[Result "0-1"]
[WhiteElo "1932"]
[BlackElo "2181"]
[PlyCount "70"]
[EventDate "2021.07.03"]
[EventType "swiss"]
[EventRounds "9"]
[EventCountry "SLO"]
[SourceTitle "CBM 203 Extra"]
[Source "ChessBase"]
[SourceDate "2021.09.30"]
[SourceVersion "1"]
[SourceVersionDate "2021.09.30"]
[SourceQuality "1"]

1. c4 e6 2. Nf3 d5 3. g3 Nf6 4. Bg2 Be7 5. 0-0 0-0 6. d4 c6 7. Qc2 b6 8. Nbd2 Bb7 9. e4 dxe4 10. Nxe4 Nbd7 11. Rd1 Qc8 12. Nxf6+ Nxf6 13. c5 Rd8 14. Bf4 Nd5 15. Bg5 f6 16. Bd2 bxc5 17. dxc5 e5 18. Nh4 g5 19. Nf5 Bf8 20. Ba5 Re8 21. Rac1 Qe6 22. Be4 Rab8 23. h4 Bc8 24. hxg5 fxg5 25. Qd2 h6 26. Kg2 Nf6 27. Bd3 Qd5+ 28. f3 Kh8 29. Rh1 Bxf5 30. Qxg5 Rxb2+ 31. Rc2 Rxc2+ 32. Bxc2 Bxc2 33. Qxf6+ Kh7 34. Bc3 Bg7 35. Qg5 Qd3 0-1

[Event "Otocec Krka Terme op"]
[Site "Otocec"]
[Date "2021.07.08"]
[Round "7"]
[White "Acimovic, Vasja"]
[Black "Mestek, Igor"]
[Result "1-0"]
[WhiteElo "2181"]
[BlackElo "2084"]
[PlyCount "73"]
[EventDate "2021.07.03"]
[EventType "swiss"]
[EventRounds "9"]
[EventCountry "SLO"]
[SourceTitle "CBM 203 Extra"]
[Source "ChessBase"]
[SourceDate "2021.09.30"]
[SourceVersion "1"]
[SourceVersionDate "2021.09.30"]
[SourceQuality "1"]

1. d4 Nc6 2. e4 d5 3. e5 Bf5 4. c3 e6 5. h4 h5 6. Be2 g6 7. Nf3 Nh6 8. Bg5 Be7 9. Nbd2 Bg4 10. Qa4 Bxg5 11. hxg5 Bxf3 12. Nxf3 Nf5 13. g4 Ng7 14. 0-0-0 Kd7 15. Nd2 Qxg5 16. f4 Qh6 17. Bb5 a6 18. Bxc6+ bxc6 19. g5 Qh7 20. Nb3 Nf5 21. Nc5+ Ke7 22. Qxc6 Ra7 23. Nxe6 fxe6 24. Qc5+ Kd7 25. Qxa7 h4 26. Qxa6 Rb8 27. Qa4+ Kd8 28. Rd3 Qh5 29. Qd1 Qh7 30. Rdh3 c5 31. dxc5 Qa7 32. Rxh4 Nxh4 33. Rxh4 Qxa2 34. Rh8+ Kc7 35. Rxb8 Kxb8 36. Qd4 Kc7 37. Qb4 1-0

[Event "Portoroz Nat Festival 30th"]
[Site "Portoroz"]
[Date "2020.09.06"]
[Round "6"]
[White "Kastelic, Marian"]
[Black "Acimovic, Vasja"]
[Result "1-0"]
[WhiteElo "2286"]
[BlackElo "2234"]
[PlyCount "67"]
[EventDate "2020.09.03"]
[EventType "swiss"]
[EventRounds "9"]
[EventCountry "SLO"]
[SourceTitle "CBM 198 Extra"]
[Source "ChessBase"]
[SourceDate "2020.11.30"]
[SourceVersion "1"]
[SourceVersionDate "2020.11.30"]
[SourceQuality "1"]

1. d4 d5 2. Nf3 Nf6 3. e3 e6 4. Nbd2 c5 5. b3 Nc6 6. Bb2 Bd6 7. Bd3 0-0 8. a3 b6 9. Ne5 Bb7 10. 0-0 Rc8 11. f4 Ne7 12. Qe2 Ne4 13. Bxe4 dxe4 14. dxc5 Bxc5 15. Rad1 Nd5 16. Nxe4 Bxe3+ 17. Kh1 Qh4 18. c4 Bxf4 19. Nf3 Qh5 20. cxd5 exd5 21. Ned2 Rc6 22. g4 Qh6 23. Nd4 Ba6 24. Qf2 Bxf1 25. Nxc6 Bd3 26. Ne7+ Kh8 27. Nf5 Bxf5 28. gxf5 Re8 29. Nf1 Qg5 30. Rxd5 h5 31. Bd4 Rg8 32. Qf3 f6 33. Qg2 Qh4 34. Bf2 1-0

[Event "Portoroz Nat Festival 30th"]
[Site "Portoroz"]
[Date "2020.09.03"]
[Round "1"]
[White "Acimovic, Vasja"]
[Black "Kralj, Nika"]
[Result "1-0"]
[WhiteElo "2234"]
[BlackElo "1781"]
[PlyCount "75"]
[EventDate "2020.09.03"]
[EventType "swiss"]
[EventRounds "9"]
[EventCountry "SLO"]
[SourceTitle "CBM 198 Extra"]
[Source "ChessBase"]
[SourceDate "2020.11.30"]
[SourceVersion "1"]
[SourceVersionDate "2020.11.30"]
[SourceQuality "1"]

1. d4 d5 2. Bf4 Nf6 3. e3 c5 4. c3 Nc6 5. Nd2 Qb6 6. Qb3 c4 7. Qc2 g6 8. e4 Nxe4 9. Nxe4 dxe4 10. Bxc4 Bf5 11. Be3 Qa5 12. Qb3 0-0-0 13. Bxf7 Nxd4 14. Qc4+ Nc6 15. b4 Qc7 16. Ne2 Bg7 17. 0-0 Kb8 18. b5 Ne5 19. Bxa7+ Kc8 20. Be6+ Nd7 21. Be3 Qxc4 22. Bxc4 Ne5 23. Bb3 Nd3 24. Nd4 Kb8 25. h3 h5 26. Rab1 Rd6 27. b6 Bd7 28. Ne2 Rc8 29. Ng3 Bf5 30. c4 Bc3 31. a3 Ka8 32. Ba2 Ba5 33. Rb5 Bc3 34. Nxf5 gxf5 35. Rxf5 h4 36. Rh5 Bf6 37. c5 Rdd8 38. Be6 1-0

[Event "SLO-chT1 West 29th"]
[Site "Slovenia"]
[Date "2019.09.27"]
[Round "4.1"]
[White "Spalir, Jernej"]
[Black "Acimovic, Vasja"]
[Result "1-0"]
[WhiteElo "2423"]
[BlackElo "2119"]
[PlyCount "99"]
[EventDate "2019.09.20"]
[EventType "team-tourn"]
[EventRounds "9"]
[EventCountry "SLO"]
[SourceTitle "CBM 192 Extra"]
[Source "Chessbase"]
[SourceDate "2019.11.06"]
[SourceVersion "1"]
[SourceVersionDate "2019.11.06"]
[SourceQuality "1"]
[WhiteTeam "Posocje"]
[BlackTeam "Kocevje"]
[WhiteTeamCountry "SLO"]
[BlackTeamCountry "SLO"]

1. d4 d5 2. c4 dxc4 3. e4 e5 4. Nf3 exd4 5. Bxc4 Bb4+ 6. Bd2 Bxd2+ 7. Nbxd2 Nh6 8. 0-0 0-0 9. Nb3 Bg4 10. Nbxd4 c5 11. Nb3 Nd7 12. Bd5 Ne5 13. Nbd2 Qf6 14. Qb3 Rad8 15. Nxe5 Qxe5 16. Nc4 Qe7 17. Qxb7 Qxb7 18. Bxb7 Be2 19. Rfc1 Bxc4 20. Rxc4 Rb8 21. Bd5 Rxb2 22. Rxc5 Ng4 23. Rc7 Nf6 24. Bb3 Nxe4 25. Rxa7 g6 26. Rb7 Kg7 27. Bd5 Rxb7 28. Bxb7 Nc5 29. Bf3 Rb8 30. Kf1 Rb4 31. a3 Rc4 32. Bd1 Nb7 33. a4 Rc5 34. Ke2 Kf6 35. Kd3 Ke5 36. Bf3 Na5 37. Rb1 Kd6 38. Rb6+ Kd7 39. Rb5 Kd6 40. Rb6+ Kd7 41. Rb4 Nc6 42. Rb7+ Ke8 43. Bxc6+ Rxc6 44. a5 Kf8 45. Rb2 Ke7 46. Ra2 Ra6 47. Kc4 Kd6 48. Kb5 Ra8 49. a6 Rb8+ 50. Ka5 1-0

[Event "SLO-chT U20"]
[Site "Dobrna"]
[Date "2019.08.31"]
[Round "7.5"]
[White "Janko, Marko"]
[Black "Acimovic, Vasja"]
[Result "0-1"]
[WhiteElo "1551"]
[BlackElo "2084"]
[PlyCount "78"]
[EventDate "2019.08.27"]
[EventType "team-tourn"]
[EventRounds "7"]
[EventCountry "SLO"]
[SourceTitle "EXT 2020"]
[Source "ChessBase"]
[SourceDate "2019.10.17"]
[SourceVersion "1"]
[SourceVersionDate "2019.10.17"]
[SourceQuality "1"]

1. e4 c5 2. Nf3 Nc6 3. d4 cxd4 4. Nxd4 Nf6 5. Nc3 e6 6. Bg5 Bb4 7. Qd2 Nxe4 8. Bxd8 Nxd2 9. Kxd2 Kxd8 10. Nxc6+ bxc6 11. a3 Be7 12. Rd1 Bg5+ 13. Ke1 d5 14. f3 Kc7 15. g3 e5 16. Kf2 f5 17. h4 Be7 18. b4 a5 19. b5 d4 20. Nb1 c5 21. a4 Bb7 22. c3 Rhd8 23. cxd4 cxd4 24. Rc1+ Kd7 25. Bh3 g6 26. g4 Bxh4+ 27. Ke2 Bg5 28. Rcd1 Ke6 29. gxf5+ gxf5 30. Rhg1 h6 31. Nd2 Rac8 32. Nb3 Rc2+ 33. Kf1 Bxf3 34. Re1 Be3 35. Rg6+ Kf7 36. Bxf5 Rf2+ 37. Kg1 Rg2+ 38. Kf1 Rxg6 39. Bxg6+ Kxg6 0-1

[Event "Nova Gorica op 24th"]
[Site "Nova Gorica"]
[Date "2019.01.30"]
[Round "8"]
[White "Acimovic, Vasja"]
[Black "Ruzic, Pia Marie"]
[Result "1-0"]
[WhiteElo "2075"]
[BlackElo "1626"]
[PlyCount "95"]
[EventDate "2019.01.25"]
[EventType "swiss"]
[EventRounds "9"]
[EventCountry "SLO"]
[SourceTitle "CBM 188 Extra"]
[Source "ChessBase"]
[SourceDate "2019.02.26"]
[SourceVersion "1"]
[SourceVersionDate "2019.02.26"]
[SourceQuality "1"]

1. d4 Nf6 2. Bf4 g6 3. Nc3 Bg7 4. e4 d6 5. Qd2 0-0 6. 0-0-0 Nbd7 7. e5 Nh5 8. Bh6 Nb6 9. Be2 dxe5 10. Bxh5 Nc4 11. Qe2 Bxh6+ 12. Kb1 gxh5 13. Qxc4 exd4 14. Rxd4 Be6 15. Qd3 Qc8 16. Nge2 Bf5 17. Qg3+ Bg6 18. Rhd1 Qf5 19. R4d3 c5 20. Nd5 Rae8 21. f4 Bg7 22. Qe3 Qe4 23. f5 Qxf5 24. Nxe7+ Rxe7 25. Qxe7 c4 26. R3d2 Qb5 27. Qa3 Re8 28. Nc3 Qg5 29. Qa4 Rc8 30. Qb5 h6 31. Qxg5 hxg5 32. Rd8+ Rxd8 33. Rxd8+ Kh7 34. Rd7 Bxc3 35. bxc3 Be4 36. Rxf7+ Kg6 37. Rf2 b5 38. g3 a5 39. a3 a4 40. Rf8 Bf5 41. Kc1 h4 42. Kd2 hxg3 43. hxg3 g4 44. Ke3 Bxc2 45. Kf4 b4 46. cxb4 Bd3 47. Rc8 Be2 48. b5 1-0

[Event "Otocec Krka Terme op"]
[Site "Otocec"]
[Date "2018.12.28"]
[Round "7"]
[White "Acimovic, Vasja"]
[Black "Mestek, Igor"]
[Result "1/2-1/2"]
[WhiteElo "2008"]
[BlackElo "2144"]
[PlyCount "60"]
[EventDate "2018.12.25"]
[EventType "swiss"]
[EventRounds "9"]
[EventCountry "SLO"]
[SourceTitle "EXT 2020"]
[Source "ChessBase"]
[SourceDate "2019.10.17"]
[SourceVersion "1"]
[SourceVersionDate "2019.10.17"]
[SourceQuality "1"]

1. d4 Nf6 2. c4 e6 3. Nc3 Bb4 4. e3 0-0 5. Nge2 b6 6. a3 Bxc3+ 7. Nxc3 Bb7 8. Bd3 d5 9. cxd5 exd5 10. 0-0 c6 11. b4 Nbd7 12. Bb2 Re8 13. Rc1 a6 14. h3 b5 15. Nb1 Nb6 16. Nd2 a5 17. Nb3 axb4 18. axb4 Nc4 19. Bxc4 bxc4 20. Nc5 Qc7 21. Qc2 g6 22. Ra1 Nd7 23. Rxa8 Rxa8 24. Nxd7 Qxd7 25. Ra1 Qe8 26. Qb1 Rxa1 27. Qxa1 Qa8 28. Qxa8+ Bxa8 29. Kf1 Bb7 30. Ke1 Ba6 1/2-1/2

[Event "Otocec Krka Terme op"]
[Site "Otocec"]
[Date "2018.12.28"]
[Round "8"]
[White "Pozun, Matej"]
[Black "Acimovic, Vasja"]
[Result "1-0"]
[WhiteElo "2029"]
[BlackElo "2008"]
[PlyCount "119"]
[EventDate "2018.12.25"]
[EventType "swiss"]
[EventRounds "9"]
[EventCountry "SLO"]
[SourceTitle "EXT 2020"]
[Source "ChessBase"]
[SourceDate "2019.10.17"]
[SourceVersion "1"]
[SourceVersionDate "2019.10.17"]
[SourceQuality "1"]

1. e4 c5 2. Nf3 Nc6 3. d4 cxd4 4. Nxd4 Nf6 5. Nc3 e6 6. Ndb5 Bb4 7. a3 Bxc3+ 8. Nxc3 d5 9. exd5 exd5 10. Bd3 0-0 11. 0-0 d4 12. Ne4 Bf5 13. Bg5 Bxe4 14. Bxe4 h6 15. Bxf6 Qxf6 16. Qf3 Qxf3 17. Bxf3 Ne5 18. Be4 Rad8 19. Rfd1 Rd7 20. Bf5 Rd5 21. Be4 Rd7 22. Kf1 f5 23. Bd3 Nxd3 24. Rxd3 Rc7 25. Rd2 Rfc8 26. Rc1 Kf7 27. Ke2 Re8+ 28. Kd3 Rd7 29. Re2 Rde7 30. Rxe7+ Rxe7 31. Rd1 Kf6 32. Rd2 Rd7 33. Re2 a6 34. Re8 Rd6 35. a4 g6 36. f4 Kf7 37. Rc8 b5 38. axb5 axb5 39. Rb8 Rd5 40. Rb7+ Kf6 41. Rb6+ Kf7 42. b4 h5 43. Rc6 h4 44. Rc5 Rd8 45. Rxb5 Re8 46. Re5 Rc8 47. Rc5 Re8 48. b5 Re3+ 49. Kxd4 Re4+ 50. Kd3 Rxf4 51. c4 h3 52. gxh3 Rh4 53. b6 Rxh3+ 54. Kd4 Rh8 55. b7 Rb8 56. Rc7+ Ke6 57. c5 f4 58. c6 f3 59. Ke3 Rf8 60. Rc8 1-0

[Event "Otocec Krka Terme op"]
[Site "Otocec"]
[Date "2018.12.25"]
[Round "3"]
[White "Acimovic, Vasja"]
[Black "Kersic, Matej"]
[Result "1/2-1/2"]
[WhiteElo "2008"]
[BlackElo "2138"]
[PlyCount "92"]
[EventDate "2018.12.25"]
[EventType "swiss"]
[EventRounds "9"]
[EventCountry "SLO"]
[SourceTitle "EXT 2020"]
[Source "ChessBase"]
[SourceDate "2019.10.17"]
[SourceVersion "1"]
[SourceVersionDate "2019.10.17"]
[SourceQuality "1"]

1. d4 d5 2. Bf4 c6 3. e3 Bf5 4. c3 e6 5. Nf3 Nf6 6. Bd3 Nbd7 7. 0-0 Be7 8. Bxf5 exf5 9. Qc2 g6 10. c4 0-0 11. cxd5 Nxd5 12. Bh6 Re8 13. Nc3 N7f6 14. h3 Bd6 15. Bg5 Qd7 16. Bxf6 Nxf6 17. Rfd1 Rad8 18. Rac1 Qe7 19. Re1 Bb8 20. Na4 Ne4 21. Nc5 Nxc5 22. Qxc5 Qxc5 23. Rxc5 Rd7 24. g3 f6 25. Rec1 Kf7 26. Ne1 Bd6 27. R5c2 h5 28. h4 g5 29. hxg5 fxg5 30. Nf3 Kg6 31. Rd1 Bb8 32. b4 Rd5 33. a4 a6 34. Kg2 Bd6 35. Rb2 Kf6 36. Nd2 f4 37. gxf4 gxf4 38. Nc4 Bc7 39. Kf3 fxe3 40. Nxe3 Rd7 41. d5 cxd5 42. Nxd5+ Kf7 43. Nxc7 Rxc7 44. Rd4 Re6 45. Kg3 Kg6 46. Rbd2 Rc3+ 1/2-1/2

[Event "SLO-chT1 West"]
[Site "Slovenia"]
[Date "2018.10.26"]
[Round "7.4"]
[White "Pazlar, Marko"]
[Black "Acimovic, Vasja"]
[Result "0-1"]
[WhiteElo "2073"]
[BlackElo "2000"]
[PlyCount "82"]
[EventDate "2018.09.28"]
[EventType "team-tourn"]
[EventRounds "9"]
[EventCountry "SLO"]
[SourceTitle "CBM 187 Extra"]
[Source "ChessBase"]
[SourceDate "2018.11.04"]
[SourceVersion "1"]
[SourceVersionDate "2018.11.04"]
[SourceQuality "1"]
[WhiteTeam "Jeenice Sij Acroni"]
[BlackTeam "Kocevje"]
[WhiteTeamCountry "SLO"]
[BlackTeamCountry "SLO"]

1. Nf3 d5 2. d4 Nf6 3. g3 e6 4. Bg2 Be7 5. 0-0 0-0 6. c4 dxc4 7. Qc2 a6 8. Qxc4 b5 9. Qc2 Bb7 10. Bf4 Nc6 11. Rd1 Nb4 12. Qc1 Nbd5 13. Nc3 Rc8 14. Ne5 c5 15. Nxd5 exd5 16. Bh3 c4 17. Bxc8 Qxc8 18. Kg2 Re8 19. Bg5 h6 20. Bxf6 Bxf6 21. Qf4 Bxe5 22. dxe5 Qe6 23. Rd4 Qxe5 24. Qxe5 Rxe5 25. e3 Kf8 26. g4 Ke7 27. Kg3 a5 28. a3 Kd6 29. Rc1 Re7 30. h4 Bc6 31. g5 h5 32. Kf4 Rb7 33. f3 b4 34. e4 Kc5 35. Ke3 bxa3 36. exd5 Bxd5 37. Rd2 axb2 38. Rb1 Rb3+ 39. Kf4 c3 40. Rc2 Kc4 41. Ke5 Kd3 0-1

[Event "Ptuj op"]
[Site "Ptuj"]
[Date "2018.08.14"]
[Round "8"]
[White "Krumpacnik, Domen"]
[Black "Acimovic, Vasja"]
[Result "1/2-1/2"]
[WhiteElo "2346"]
[BlackElo "2000"]
[PlyCount "114"]
[EventDate "2018.08.07"]
[EventType "swiss"]
[EventRounds "9"]
[EventCountry "SLO"]
[SourceTitle "CBM 186 Extra"]
[Source "ChessBase"]
[SourceDate "2018.08.24"]
[SourceVersion "1"]
[SourceVersionDate "2018.08.24"]
[SourceQuality "1"]

1. d4 d5 2. Nf3 e6 3. c4 Nf6 4. Nc3 Be7 5. Bf4 0-0 6. e3 c5 7. cxd5 exd5 8. dxc5 Bxc5 9. Be2 Nc6 10. 0-0 Be6 11. Rc1 Rc8 12. Nb5 Qb6 13. Bc7 Rxc7 14. Nxc7 Bxe3 15. Rxc6 bxc6 16. Nxe6 Bxf2+ 17. Rxf2 fxe6 18. Qb3 Qc5 19. Qa3 Qxa3 20. bxa3 c5 21. Bd3 c4 22. Bc2 Nd7 23. Re2 Nc5 24. Kf2 d4 25. Re5 Nd7 26. Ra5 d3 27. Ba4 c3 28. Ke3 c2 29. Kd2 Rc8 30. Kc1 Nc5 31. Bb5 g5 32. h3 h5 33. Bc4 g4 34. hxg4 hxg4 35. Nd2 Kf8 36. Rxc5 Rxc5 37. Bxd3 Rc3 38. Bxc2 Rxa3 39. Bb3 Ra6 40. Ne4 e5 41. Kd2 Kg7 42. Nf2 Kf6 43. Nxg4+ Kf5 44. Nf2 Kf4 45. Nd3+ Kg3 46. Nxe5 Kxg2 47. Kd3 Kf2 48. a4 Rb6 49. Bc4 Rd6+ 50. Ke4 Ke1 51. Bd5 Ra6 52. Bc6 Kd2 53. Kd4 Kc2 54. Bb5 Rh6 55. Nc6 a6 56. Nb4+ Kb3 57. Nxa6 Rxa6 1/2-1/2